00564 2200205 4500001002100000005001500021035002000036245006400056100001800120300003200138260004200170082001100212084001700223020002200240650002200262008004100284990001100325990001100336990001100347INLIS00000000000173020250226092129 a0010-11240000161 aSeribu Teman Kurang, Satu Musuh Kebanyakan /cDiaz Pangesti0 aDiaz Pangesti a232 hlm :bilust ;c20,5 cm aYogyakarta :bAraska Publisher,c2023 a155.25 a155.25 DIA s a978-623-6335-21-5 4aPengembangan Diri250226 0  a003588 a003589 a003801